00903nam a2200253 i 450000100060000000300090000600500170001500700030003200800410003508000180007610000390009424501180013325000120025126000310026330000220029449000200031650400320033665000370036865000360040583000490044185200210049099900170051195201210052893910ES-MaACL20250828114218.0t|050422s1982 sp |||| | spa d a301.151-153.71 aLópez Quintás, Alfonso.97390513aLa juventud actual entre el vértigo y el éxtasis b: creatividad y educación / cAlfonso López Quintás. a2ª ed. aMadrid : bNarcea, c1982. a171 p. ; c19 cm.1 aEducación hoy aBibliografía: p. 172-175. 4aJóvenes-xPsicología.913956 4aJóvenes-xEducación.91209300aColección educación hoy (Narcea)9220320 aES-MaACLjL-3970 c93910d93910 00104070aATENEOMbATENEOMcDEPO2d2008-01-17eSCl0oL-3970p1098075r2023-02-23 00:00:00w2023-02-23yMONOGRAFIA